[Event "FICS rated blitz game"]
[Site "FICS freechess.org"]
[Date "2018.01.10"]
[Round "?"]
[White "tobysadog"]
[Black "Viniciusebia"]
[Result "0-1"]
[WhiteElo "1172"]
[BlackElo "1198"]
[PlyCount "38"]
[EventDate "2018.??.??"]
[EventType "blitz"]

1. e4 e5 2. Nf3 Nc6 3. c3 Nf6 4. d3 Bc5 5. Bg5 a6 6. h3 d6 7. Be2 h6 8. Bd2 d5
9. exd5 Nxd5 10. c4 Nf6 11. Nc3 Bd7 12. Na4 Ba7 13. b4 e4 14. dxe4 Nxe4 15. Bf4
Nxf2 16. Qc2 Nxh1 17. c5 O-O 18. Qc1 Nxb4 19. Bxh6 Re8 {White resigns} 0-1

[Event "FICS rated blitz game"]
[Site "FICS freechess.org"]
[Date "2018.01.10"]
[Round "?"]
[White "windbumwino"]
[Black "ToBMaster"]
[Result "1-0"]
[WhiteElo "1523"]
[BlackElo "1478"]
[PlyCount "75"]
[EventDate "2018.??.??"]
[EventType "blitz"]

1. e4 e5 2. c3 Nc6 3. Nf3 Nf6 4. d4 exd4 5. cxd4 Bb4+ 6. Bd2 Bxd2+ 7. Nbxd2 d5
8. e5 Ne4 9. Nxe4 dxe4 10. Nd2 Qxd4 11. Bb5 Bd7 12. O-O O-O 13. Re1 Nxe5 14.
Rxe4 Qc5 15. Bxd7 Nxd7 16. Nb3 Qc6 17. Rd4 Rad8 18. Rc1 Qe6 19. Rxc7 Rfe8 20.
h3 Qe1+ 21. Qxe1 Rxe1+ 22. Kh2 h6 23. Rdxd7 Rxd7 24. Rxd7 Rb1 25. Rxb7 Rxb2 26.
Rxa7 Rxf2 27. Nc5 Kh7 28. a4 Kg6 29. a5 Ra2 30. a6 f5 31. Rc7 f4 32. a7 f3 33.
Kg1 f2+ 34. Kf1 Kh5 35. Nd7 Kh4 36. Nb6 Kg3 37. Rc3+ Kh2 38. a8=Q 1-0

[Event "FICS rated blitz game"]
[Site "FICS freechess.org"]
[Date "2018.01.10"]
[Round "?"]
[White "herbsol"]
[Black "nicolasm"]
[Result "0-1"]
[WhiteElo "1176"]
[BlackElo "1224"]
[PlyCount "48"]
[EventDate "2018.??.??"]
[EventType "blitz"]

1. e4 e5 2. Nf3 Nc6 3. c3 Bc5 4. Bc4 Nf6 5. Bd3 O-O 6. Bc2 d6 7. h3 a6 8. O-O
Be6 9. d4 exd4 10. cxd4 Bb6 11. d5 Bxd5 12. exd5 Ne7 13. Nc3 Ba5 14. a3 Bxc3
15. bxc3 Nexd5 16. Bg5 h6 17. Bh4 Qd7 18. c4 Nc3 19. Qd2 Nce4 20. Bxe4 Nxe4 21.
Qd5 Rae8 22. Qxb7 Nc5 23. Qd5 c6 24. Qd3 Nxd3 {White resigns} 0-1

[Event "FICS rated blitz game"]
[Site "FICS freechess.org"]
[Date "2018.01.10"]
[Round "?"]
[White "awitaliy"]
[Black "scottizu"]
[Result "0-1"]
[WhiteElo "1369"]
[BlackElo "1502"]
[PlyCount "40"]
[EventDate "2018.??.??"]
[EventType "blitz"]

1. e4 e5 2. Nf3 Nc6 3. c3 Nf6 4. Bd3 Bc5 5. Bc2 d5 6. exd5 Qxd5 7. O-O Bg4 8.
d4 Bxf3 9. gxf3 exd4 10. Re1+ Kd7 11. Be4 Nxe4 12. fxe4 Qe6 13. cxd4 Nxd4 14.
Be3 Qe5 15. Nc3 Ke8 16. Qa4+ Nc6 17. Nd5 Bxe3 18. Rxe3 f6 19. f4 Qd4 20. Rd1
Qxa4 {White resigns} 0-1

[Event "FICS rated blitz game"]
[Site "FICS freechess.org"]
[Date "2018.01.10"]
[Round "?"]
[White "arju"]
[Black "TiemeKlompe"]
[Result "0-1"]
[WhiteElo "1670"]
[BlackElo "1825"]
[PlyCount "50"]
[EventDate "2018.??.??"]
[EventType "blitz"]

1. e4 e5 2. Nf3 Nc6 3. c3 Nf6 4. d3 d5 5. exd5 Nxd5 6. Bd2 Bd6 7. Be2 O-O 8.
O-O h6 9. b4 a6 10. a4 Bf5 11. Na3 Qf6 12. Nc2 Rad8 13. Ne3 Nxe3 14. Bxe3 Ne7
15. Qb3 c6 16. Bb6 Rd7 17. Rad1 Nd5 18. Nd2 Nxb6 19. a5 Nd5 20. Nc4 Bc7 21. Bf3
Nf4 22. Nb2 Rfd8 23. c4 Nxd3 24. Nxd3 Rxd3 25. Rxd3 Rxd3 {White resigns} 0-1

[Event "FICS rated blitz game"]
[Site "FICS freechess.org"]
[Date "2018.01.10"]
[Round "?"]
[White "arkom"]
[Black "VeliborL"]
[Result "0-1"]
[WhiteElo "1399"]
[BlackElo "1442"]
[PlyCount "88"]
[EventDate "2018.??.??"]
[EventType "blitz"]

1. e4 e5 2. Nf3 Nc6 3. c3 Nf6 4. d3 Bc5 5. Be2 O-O 6. Bg5 h6 7. Bxf6 Qxf6 8.
O-O Kh8 9. Nbd2 g5 10. h3 Rg8 11. Nh2 d6 12. Bh5 Qg7 13. Ng4 f5 14. exf5 Bxf5
15. Qf3 Raf8 16. Qg3 Bg6 17. Bxg6 Qxg6 18. Ne4 Bb6 19. Kh1 h5 20. Ngf6 Rg7 21.
Nd5 g4 22. h4 Ne7 23. Nxb6 axb6 24. Ng5 Nf5 25. Qh2 Nxh4 26. Qxh4 Qxg5 27. Qxg5
Rxg5 28. Rae1 Rgf5 29. Kg1 Kg7 30. b4 Kg6 31. d4 Re8 32. dxe5 Rfxe5 33. Rd1 Kf5
34. a4 Re2 35. Rd5+ R8e5 36. Rd4 Ra2 37. b5 Rae2 38. g3 R2e4 39. Rd2 Rxa4 40.
f4 Re3 41. Rd5+ Kg6 42. Rg5+ Kh6 43. Rc1 Rxg3+ 44. Kh2 Rxf4 0-1

[Event "FICS rated blitz game"]
[Site "FICS freechess.org"]
[Date "2018.01.10"]
[Round "?"]
[White "windbumwino"]
[Black "ToBMaster"]
[Result "1/2-1/2"]
[WhiteElo "1537"]
[BlackElo "1464"]
[PlyCount "89"]
[EventDate "2018.??.??"]
[EventType "blitz"]

1. e4 e5 2. c3 Nc6 3. Nf3 Nf6 4. d4 exd4 5. e5 Ne4 6. cxd4 Bb4+ 7. Bd2 Nxd2 8.
Nbxd2 d6 9. a3 Bxd2+ 10. Qxd2 dxe5 11. dxe5 Qxd2+ 12. Kxd2 O-O 13. Bb5 Bd7 14.
Bxc6 Bxc6 15. Rhe1 Bxf3 16. gxf3 c6 17. f4 f5 18. Rad1 Rf7 19. Kc3 Re7 20. Rd4
Rae8 21. Red1 Kf7 22. Rd7 Rxd7 23. Rxd7+ Re7 24. Rd6 Rc7 25. b4 Ke7 26. h4 Rd7
27. Rd4 Rxd4 28. Kxd4 Ke6 29. a4 b6 30. f3 h6 31. Kc4 a6 32. b5 axb5+ 33. axb5
c5 34. Kd3 Kd5 35. Kc3 g6 36. Kd3 h5 37. Kc3 Ke6 38. Kc4 Ke7 39. Kd5 Kd7 40.
Kc4 Ke6 41. Kd3 Ke7 42. Kc4 Ke6 43. Kd3 Kd7 44. Kc4 Ke6 45. Kd3 1/2-1/2

[Event "FICS rated blitz game"]
[Site "FICS freechess.org"]
[Date "2018.01.10"]
[Round "?"]
[White "arkom"]
[Black "PlatinumKnight"]
[Result "0-1"]
[WhiteElo "1385"]
[BlackElo "1382"]
[PlyCount "50"]
[EventDate "2018.??.??"]
[EventType "blitz"]

1. e4 e5 2. Nf3 Nc6 3. c3 Nf6 4. Qc2 Be7 5. Bc4 O-O 6. O-O d6 7. Ng5 d5 8. exd5
Nxd5 9. f4 Bxg5 10. fxg5 Be6 11. d4 Nf4 12. Bxf4 exf4 13. Bxe6 fxe6 14. g6 Qg5
15. gxh7+ Kh8 16. Nd2 Ne7 17. Nf3 Qg4 18. Ne5 Nf5 19. Rf3 Qh5 20. Rh3 Nh4 21.
g3 fxg3 22. hxg3 Nf3+ 23. Kg2 Qg5 24. Ng6+ Qxg6 25. Qf5 Rxf5 {White resigns}
0-1

[Event "FICS rated blitz game"]
[Site "FICS freechess.org"]
[Date "2018.01.10"]
[Round "?"]
[White "ruskim"]
[Black "picudaroja"]
[Result "0-1"]
[WhiteElo "1352"]
[BlackElo "1169"]
[PlyCount "56"]
[EventDate "2018.??.??"]
[EventType "blitz"]

1. e4 e5 2. Nf3 Nc6 3. c3 Nf6 4. Bd3 Be7 5. Bc2 d6 6. d4 O-O 7. O-O Bg4 8. Qd3
a6 9. Ng5 Bh5 10. f4 Bg6 11. f5 Bh5 12. Qh3 exd4 13. g4 Bxg4 14. Qg2 h6 15. Nh3
Kh8 16. Nf4 d3 17. Bxd3 Ne5 18. Bc2 c6 19. h3 Bh5 20. Kh1 g5 21. fxg6 fxg6 22.
Ne6 Qd7 23. Nxf8 Rxf8 24. Bxh6 Rg8 25. Bg5 Qe6 26. Bb3 d5 27. exd5 cxd5 28.
Bxf6+ Bxf6 0-1

[Event "FICS rated blitz game"]
[Site "FICS freechess.org"]
[Date "2018.01.10"]
[Round "?"]
[White "montanya"]
[Black "RikTheKing"]
[Result "0-1"]
[WhiteElo "1410"]
[BlackElo "1409"]
[PlyCount "78"]
[EventDate "2018.??.??"]
[EventType "blitz"]

1. Nf3 Nc6 2. c3 e5 3. e4 f5 4. exf5 Nf6 5. Bb5 d6 6. Bxc6+ bxc6 7. Qc2 e4 8.
Nh4 d5 9. g4 Nxg4 10. Ng2 Bxf5 11. Ne3 Nxe3 12. dxe3 Bg4 13. c4 Bf3 14. Rg1
Bb4+ 15. Bd2 Bxd2+ 16. Nxd2 Qh4 17. Nxf3 exf3 18. cxd5 cxd5 19. O-O-O Qc4 20.
Rg5 Qxc2+ 21. Kxc2 c6 22. Re5+ Kd7 23. Rf5 Rhf8 24. Rxf8 Rxf8 25. Rg1 g6 26.
Kd3 Kd6 27. b4 Rf5 28. Rg3 c5 29. bxc5+ Kxc5 30. e4 dxe4+ 31. Kxe4 Kb4 32. Rxf3
Rxf3 33. Kxf3 Ka3 34. Ke4 Kxa2 35. Kd4 Kb3 36. Kc5 a5 37. h4 a4 38. f4 a3 39.
h5 a2 {White resigns} 0-1

[Event "FICS rated blitz game"]
[Site "FICS freechess.org"]
[Date "2018.01.10"]
[Round "?"]
[White "morts"]
[Black "sdarjee"]
[Result "0-1"]
[WhiteElo "1200"]
[BlackElo "1205"]
[PlyCount "98"]
[EventDate "2018.??.??"]
[EventType "blitz"]

1. e4 e5 2. Nf3 Nc6 3. c3 d5 4. exd5 Qxd5 5. d3 e4 6. dxe4 Qxe4+ 7. Be2 Bf5 8.
Nbd2 Qd5 9. O-O O-O-O 10. c4 Qd7 11. Qb3 Bc5 12. a4 a6 13. a5 Nf6 14. Qa4 Rhe8
15. b4 Nxb4 16. Nb3 Bf8 17. Be3 Qxa4 18. Rxa4 Bd7 19. Raa1 Nc2 20. Rac1 Nxe3
21. fxe3 Rxe3 22. Rfe1 Rxb3 23. Nd4 Bc5 24. Kf1 Bxd4 25. c5 Bc3 26. Red1 Bxa5
27. c6 Bxc6 28. Rxd8+ Kxd8 29. Rd1+ Kc8 30. Ra1 Bb6 31. Re1 Bb5 32. Bxb5 Rxb5
33. Re7 a5 34. Rxf7 Rf5+ 35. Ke2 Rf2+ 36. Kd3 Rxg2 37. h4 h5 38. Rf8+ Kd7 39.
Rb8 Kc6 40. Rf8 a4 41. Kc3 Rg3+ 42. Kb2 a3+ 43. Ka2 Bc5 44. Ra8 Rg4 45. Rh8
Rxh4 46. Ra8 Rh2+ 47. Kb3 a2 48. Rxa2 Rxa2 49. Kxa2 h4 {White resigns} 0-1

[Event "FICS rated standard game"]
[Site "FICS freechess.org"]
[Date "2018.01.10"]
[Round "?"]
[White "CarveItUp"]
[Black "auie"]
[Result "1-0"]
[WhiteElo "1780"]
[BlackElo "1701"]
[PlyCount "41"]
[EventDate "2018.??.??"]

1. e4 e5 2. Nf3 Nc6 3. c3 Nf6 4. Qc2 d6 5. h3 Be6 6. d4 exd4 7. cxd4 d5 8. e5
Ne4 9. a3 Be7 10. Nc3 Bf5 11. Bd3 Nxc3 12. Bxf5 Nb5 13. Be3 a6 14. O-O g6 15.
Bd3 h5 16. a4 Nba7 17. e6 Nb4 18. exf7+ Kf8 19. Qc3 Nxd3 20. Qxd3 Kxf7 21. Ne5+
1-0

[Event "FICS rated blitz game"]
[Site "FICS freechess.org"]
[Date "2018.01.10"]
[Round "?"]
[White "Merte"]
[Black "TempoAhead"]
[Result "1-0"]
[WhiteElo "1598"]
[BlackElo "1709"]
[PlyCount "45"]
[EventDate "2018.??.??"]
[EventType "blitz"]

1. e4 e5 2. Nf3 Nc6 3. c3 f5 4. exf5 e4 5. Nd4 Ne5 6. d3 c5 7. Nb3 exd3 8. Bxd3
c4 9. Qe2 Qe7 10. Bc2 cxb3 11. axb3 Nd3+ 12. Bxd3 Nf6 13. O-O Qxe2 14. Bxe2 d5
15. Re1 Kd7 16. Bb5+ Kd6 17. Bf4+ Kc5 18. Ba4 Bxf5 19. b4+ Kb6 20. Nd2 Re8 21.
Nb3 Rxe1+ 22. Rxe1 Bc2 23. Re6+ {Black resigns} 1-0

[Event "FICS rated blitz game"]
[Site "FICS freechess.org"]
[Date "2018.01.10"]
[Round "?"]
[White "Robeto"]
[Black "prickler"]
[Result "1-0"]
[WhiteElo "1594"]
[BlackElo "1619"]
[PlyCount "81"]
[EventDate "2018.??.??"]
[EventType "blitz"]

1. e4 e5 2. Nf3 Nc6 3. c3 Bc5 4. Nxe5 Nxe5 5. d4 Bxd4 6. cxd4 Nc6 7. Bb5 Nge7
8. O-O d5 9. e5 O-O 10. Nc3 a6 11. Ba4 Be6 12. Bg5 h6 13. Bh4 g5 14. Bg3 Nf5
15. Qh5 Kg7 16. Ne2 Ncxd4 17. Nxd4 Nxd4 18. f4 Bf5 19. Rad1 c5 20. b4 b5 21.
bxc5 Bg6 22. Qg4 h5 23. Qxg5 Qxg5 24. fxg5 Ne2+ 25. Kf2 Nxg3 26. Kxg3 bxa4 27.
Rxd5 Rad8 28. Rd6 Bd3 29. Rff6 Rxd6 30. exd6 Rc8 31. d7 Rd8 32. c6 Be4 33. c7
Rxd7 34. c8=Q Rd3+ 35. Kf2 Bg6 36. Qc4 Rd2+ 37. Ke1 Rxg2 38. h4 Rg1+ 39. Kf2
Rg4 40. Qxg4 hxg4 41. Rxa6 1-0

[Event "FICS rated standard game"]
[Site "FICS freechess.org"]
[Date "2018.01.10"]
[Round "?"]
[White "proximab"]
[Black "Elguerra"]
[Result "1-0"]
[WhiteElo "1980"]
[BlackElo "1476"]
[PlyCount "61"]
[EventDate "2018.??.??"]

1. e4 e5 2. Nf3 Nc6 3. c3 d6 4. d4 Bg4 5. d5 Bxf3 6. Qxf3 Nb8 7. Bb5+ c6 8.
dxc6 bxc6 9. Bd3 Nf6 10. O-O Be7 11. Qg3 O-O 12. Bh6 Nh5 13. Qg4 Qd7 14. Qxh5
gxh6 15. Qxh6 Qg4 16. h3 Qg6 17. Qxg6+ fxg6 18. Bc4+ Kg7 19. Nd2 Nd7 20. Rae1
Bg5 21. Nf3 Bf4 22. Rd1 Nb6 23. Be6 d5 24. exd5 cxd5 25. Bxd5 Rad8 26. Bb3 Rxd1
27. Rxd1 e4 28. Nd4 e3 29. Ne6+ Kh6 30. Nxf8 exf2+ 31. Kxf2 1-0

[Event "FICS rated standard game"]
[Site "FICS freechess.org"]
[Date "2018.01.10"]
[Round "?"]
[White "rajeshrajesh"]
[Black "rusalka"]
[Result "1-0"]
[WhiteElo "1672"]
[BlackElo "1674"]
[PlyCount "77"]
[EventDate "2018.??.??"]

1. e4 e5 2. Nf3 Nc6 3. c3 Nf6 4. d3 d5 5. exd5 Nxd5 6. Be2 Be6 7. O-O Bf5 8.
Qb3 Rb8 9. Qb5 a6 10. Qa4 Be7 11. c4 Nb6 12. Qb3 O-O 13. Nc3 Re8 14. Ne4 Nd4
15. Nxd4 exd4 16. Bf4 Bf8 17. Rac1 Bxe4 18. dxe4 Rxe4 19. Qf3 Re7 20. c5 Nd5
21. Bg5 f6 22. Bc4 fxg5 23. Bxd5+ Kh8 24. Be4 Re5 25. c6 Qe7 26. Bd3 b5 27. Qh5
g6 28. Bxg6 Kg8 29. Bd3 Qg7 30. f4 Re3 31. Rcd1 h6 32. fxg5 Kh8 33. g6 Rb6 34.
Rf7 Kg8 35. Rxg7+ Bxg7 36. Qd5+ Re6 37. Qxe6+ Kh8 38. Qe8+ Bf8 39. Qxf8# {
Black checkmated} 1-0

[Event "FICS rated standard game"]
[Site "FICS freechess.org"]
[Date "2018.01.10"]
[Round "?"]
[White "PickleRick"]
[Black "sailingsoul"]
[Result "1-0"]
[WhiteElo "1646"]
[BlackElo "1513"]
[PlyCount "45"]
[EventDate "2018.??.??"]

1. e4 e5 2. Nf3 Nc6 3. c3 Bc5 4. d3 d5 5. b4 Bxf2+ 6. Kxf2 dxe4 7. Ng5 Qf6+ 8.
Kg1 exd3 9. Qxd3 Bf5 10. Qb5 Nge7 11. Qxb7 O-O 12. Qxc7 Rac8 13. Qb7 Rb8 14.
Qa6 Rfd8 15. b5 Rb6 16. Qa4 Bxb1 17. Rxb1 Nb8 18. Nf3 Nd5 19. Bg5 Nxc3 20. Bxf6
Nxa4 21. Bxd8 Rd6 22. Bc7 Nc3 23. Bxd6 {Black resigns} 1-0

[Event "FICS rated standard game"]
[Site "FICS freechess.org"]
[Date "2018.01.10"]
[Round "?"]
[White "proximab"]
[Black "Cancrov"]
[Result "1-0"]
[WhiteElo "1945"]
[BlackElo "1477"]
[PlyCount "67"]
[EventDate "2018.??.??"]

1. e4 e5 2. Nf3 Nc6 3. c3 Nf6 4. d4 exd4 5. e5 Qe7 6. cxd4 Qb4+ 7. Nc3 Ne4 8.
Qc2 Nxc3 9. bxc3 Qa5 10. Bd3 Ba3 11. Bxa3 Qxa3 12. Bxh7 b6 13. Be4 Bb7 14. O-O
O-O-O 15. Bd5 f6 16. exf6 gxf6 17. h3 Qa5 18. c4 Nb4 19. Bxb7+ Kxb7 20. Qe4+
Ka6 21. a3 Nc6 22. Rfc1 Qh5 23. c5 Rdg8 24. Kf1 Re8 25. Qf4 Qd5 26. cxb6 Qb5+
27. Kg1 Qxb6 28. Qf5 Re2 29. Qxd7 Kb7 30. Rab1 Rb2 31. Rxb2 Qxb2 32. Qxc6+ Kb8
33. Nd2 Qb7 34. Rb1 {Black resigns} 1-0

[Event "FICS rated standard game"]
[Site "FICS freechess.org"]
[Date "2018.01.10"]
[Round "?"]
[White "MirunaVlad"]
[Black "ashokabc"]
[Result "1-0"]
[WhiteElo "1617"]
[BlackElo "1572"]
[PlyCount "163"]
[EventDate "2018.??.??"]

1. e4 e5 2. Nf3 Nc6 3. c3 Nf6 4. d3 d5 5. Bg5 Be7 6. Bxf6 Bxf6 7. exd5 Qxd5 8.
Nbd2 Bg4 9. c4 Qa5 10. Be2 O-O 11. O-O Rfe8 12. h3 Bxf3 13. Bxf3 Rab8 14. Ne4
Be7 15. a3 Nd4 16. b4 Qb6 17. c5 Qg6 18. Ng3 Qh6 19. Bg4 c6 20. Ne4 f5 21. Nd6
fxg4 22. Nxe8 Rxe8 23. Qxg4 Bf6 24. Rae1 Qd2 25. Rd1 Qb2 26. Qd7 Rf8 27. Qxb7
Qxa3 28. Ra1 Qxd3 29. Rxa7 e4 30. Ra8 Ne2+ 31. Kh1 Bd8 32. Rfa1 Nf4 33. Qxc6
Qd4 34. R8a2 e3 35. fxe3 Qxe3 36. Rf1 Bf6 37. Raf2 Be5 38. g3 Qxg3 39. Rxf4
Bxf4 40. Qe6+ Kh8 41. Qe2 Qxh3+ 42. Kg1 Qg3+ 43. Qg2 Be3+ 44. Kh1 Rxf1+ 45.
Qxf1 Qh4+ 46. Kg2 Qg5+ 47. Kf3 h6 48. Ke2 Bf4 49. Qf3 Qe5+ 50. Kd3 Qf5+ 51. Kc4
Qe6+ 52. Kb5 Bg5 53. c6 Qe5+ 54. Ka6 Qb8 55. b5 Qa8+ 56. Kb6 Qb8+ 57. Kc5 Be7+
58. Kc4 Qb6 59. Qd5 Qa5 60. Kd3 Qc7 61. Qd7 Bd8 62. Ke4 Qb6 63. Qe8+ Kh7 64.
Qe5 Bf6 65. Qf5+ Kh8 66. Qc8+ Kh7 67. Qf5+ Kh8 68. Qc8+ Bd8 69. Qf5 Bf6 70.
Qc8+ Kh7 71. Qf5+ Kh8 72. Qd5 Qc7 73. Kf5 Kh7 74. Ke4 Qe7+ 75. Kf5 g6+ 76. Kf4
Qc7+ 77. Kf3 Bd8 78. Qd7+ Kg8 79. Qe8+ Kg7 80. Ke4 Qe7+ 81. Qxe7+ Bxe7 82. c7 {
Black resigns} 1-0

[Event "FICS rated standard game"]
[Site "FICS freechess.org"]
[Date "2018.01.10"]
[Round "?"]
[White "mesli"]
[Black "pierrotUY"]
[Result "0-1"]
[WhiteElo "1748"]
[BlackElo "1676"]
[PlyCount "42"]
[EventDate "2018.??.??"]

1. e4 e5 2. Nf3 Nc6 3. c3 Nf6 4. Qc2 d6 5. a3 Be7 6. Bb5 Bd7 7. d4 a6 8. Bxc6
Bxc6 9. d5 Bd7 10. Bg5 O-O 11. Nbd2 b5 12. h4 c6 13. c4 bxc4 14. Bxf6 Bxf6 15.
dxc6 Bxc6 16. Nxc4 Rc8 17. Nfd2 Bxh4 18. g3 Bg5 19. O-O Bxd2 20. Nxd2 Bb5 21.
Qd3 Bxd3 {White resigns} 0-1

[Event "FICS rated standard game"]
[Site "FICS freechess.org"]
[Date "2018.01.10"]
[Round "?"]
[White "FyFazan"]
[Black "borodin"]
[Result "1-0"]
[WhiteElo "1606"]
[BlackElo "1647"]
[PlyCount "47"]
[EventDate "2018.??.??"]

1. e4 e5 2. Nf3 Nc6 3. c3 d5 4. exd5 Qxd5 5. d3 Bg4 6. Be2 O-O-O 7. h3 Bh5 8.
c4 Qc5 9. Be3 Qa5+ 10. Nc3 Bb4 11. O-O Bxc3 12. bxc3 Qxc3 13. Bd2 Qa3 14. Qb1
Nf6 15. Qb5 Qd6 16. Rfb1 b6 17. a4 Kd7 18. a5 Ra8 19. axb6 axb6 20. Be3 Rxa1
21. Rxa1 Rb8 22. Re1 Kd8 23. Ng5 Bxe2 24. Nxf7+ {Black resigns} 1-0

[Event "FICS rated blitz game"]
[Site "FICS freechess.org"]
[Date "2018.01.10"]
[Round "?"]
[White "sampaths"]
[Black "Lupacchiotto"]
[Result "1-0"]
[WhiteElo "1580"]
[BlackElo "1472"]
[PlyCount "66"]
[EventDate "2018.??.??"]
[EventType "blitz"]

1. e4 e5 2. Nf3 Nc6 3. c3 Bc5 4. d4 exd4 5. cxd4 Bb4+ 6. Nc3 d5 7. exd5 Qxd5 8.
Bd3 Bg4 9. O-O Bxf3 10. gxf3 Qxd4 11. Re1+ Nge7 12. Be3 Qf6 13. a3 Bd6 14. Nd5
O-O-O 15. Nxf6 gxf6 16. Kh1 Ne5 17. Be4 f5 18. Bc2 Bb4 19. Qe2 Bxe1 20. Rxe1
Rhe8 21. Bxa7 N7c6 22. Bxf5+ Nd7 23. Bxd7+ Kxd7 24. Rd1+ Kc8 25. Rxd8+ Kxd8 26.
Be3 f5 27. Bg5+ Kd7 28. Qd3+ Kc8 29. Qxf5+ Kb8 30. Qd7 Re1+ 31. Kg2 Ne5 32.
Qe8+ Ka7 33. Be3+ b6 {Black resigns} 1-0

[Event "FICS rated blitz game"]
[Site "FICS freechess.org"]
[Date "2018.01.10"]
[Round "?"]
[White "Robeto"]
[Black "prickler"]
[Result "1-0"]
[WhiteElo "1611"]
[BlackElo "1602"]
[PlyCount "91"]
[EventDate "2018.??.??"]
[EventType "blitz"]

1. e4 e5 2. Nf3 Nc6 3. c3 Bc5 4. Nxe5 Nxe5 5. d4 Bxd4 6. cxd4 Nc6 7. Bc4 Nge7
8. e5 O-O 9. O-O d6 10. f4 dxe5 11. fxe5 Qxd4+ 12. Qxd4 Nxd4 13. Nc3 c6 14. Be3
Nc2 15. Rae1 Nxe1 16. Rxe1 Ng6 17. Bd4 Be6 18. Bxe6 fxe6 19. Ne4 b6 20. Nd6 c5
21. Bc3 Rad8 22. a4 Rf5 23. g3 Rh5 24. Kg2 Ne7 25. g4 Rh6 26. Kg3 Nd5 27. h4
Nxc3 28. bxc3 g5 29. h5 Rxd6 30. exd6 Kf7 31. Rd1 Ke8 32. Kf3 Kd7 33. Ke4 e5
34. Kxe5 Re6+ 35. Kf5 Rxd6 36. Rxd6+ Kxd6 37. Kxg5 Kd5 38. Kh6 a6 39. Kxh7 b5
40. axb5 axb5 41. g5 b4 42. cxb4 cxb4 43. g6 b3 44. g7 b2 45. g8=Q+ Kd4 46. Qb3
{Black resigns} 1-0

[Event "FICS rated standard game"]
[Site "FICS freechess.org"]
[Date "2018.01.10"]
[Round "?"]
[White "Rajeeb"]
[Black "rusalka"]
[Result "1-0"]
[WhiteElo "1675"]
[BlackElo "1683"]
[PlyCount "145"]
[EventDate "2018.??.??"]

1. e4 e5 2. Nf3 Nc6 3. c3 Nf6 4. d3 d5 5. Bg5 dxe4 6. dxe4 Qxd1+ 7. Kxd1 Nxe4
8. Be3 Be6 9. Kc2 Rb8 10. Bd3 Nc5 11. Bxc5 Bxc5 12. Ng5 Rd8 13. f3 Ne7 14. Nd2
Bf5 15. Nde4 Be3 16. h4 h6 17. Nh3 O-O 18. Rad1 Kh8 19. g4 Be6 20. Nhf2 Bd5 21.
h5 Kg8 22. Rhe1 Bb6 23. Rg1 a5 24. g5 Nf5 25. Kb1 f6 26. Nxf6+ gxf6 27. gxf6+
Kh8 28. Bxf5 Bxf2 29. Rg6 Be4+ 30. Bxe4 Rxd1+ 31. Kc2 Rd6 32. Rxh6+ Kg8 33.
Rg6+ Kf7 34. h6 Be3 35. h7 Rh8 36. Rg7+ Kxf6 37. Rxc7 Rd2+ 38. Kb3 Rg2 39. Rxb7
Ke6 40. Rb5 Bc1 41. Ka3 Rf2 42. c4 Bd2 43. Ka4 Rh2 44. a3 Rh6 45. Rb6+ Kf7 46.
Rb7+ Ke6 47. b4 Bf4 48. Kxa5 Rh2 49. a4 R2xh7 50. Rxh7 Rxh7 51. Bxh7 Ke7 52.
Kb6 Kd6 53. a5 Bd2 54. Be4 Bxb4 55. a6 Bc5+ 56. Kb7 Bd4 57. a7 Bxa7 58. Kxa7
Kc5 59. Bd5 Kb4 60. Kb6 Ka3 61. c5 Kb2 62. c6 Kc2 63. c7 Kd3 64. c8=Q Kd2 65.
Qc4 Ke3 66. Be4 Kf2 67. Qd3 Kg3 68. Kc5 Kh4 69. Kd5 Kg5 70. Kxe5 Kh4 71. f4 Kg4
72. Bf5+ Kh5 73. Qh3# {Black checkmated} 1-0

[Event "FICS rated standard game"]
[Site "FICS freechess.org"]
[Date "2018.01.10"]
[Round "?"]
[White "alftom"]
[Black "RUPESHDAFTARY"]
[Result "0-1"]
[WhiteElo "1597"]
[BlackElo "1634"]
[PlyCount "76"]
[EventDate "2018.??.??"]

1. e4 e5 2. Nf3 Nc6 3. c3 h6 4. d4 exd4 5. cxd4 d6 6. h3 Nf6 7. Bd3 Be7 8. e5
dxe5 9. dxe5 Nh7 10. O-O O-O 11. Qc2 Ng5 12. Bxg5 Bxg5 13. Nc3 Nb4 14. Bh7+ Kh8
15. Qe4 Nc6 16. Rad1 Qe7 17. Bf5 Bxf5 18. Qxf5 g6 19. Qg4 Nxe5 20. Nxe5 Qxe5
21. f4 Qc5+ 22. Kh1 Bf6 23. Ne4 Qc6 24. f5 h5 25. Qf3 Bxb2 26. Qf4 Kh7 27. Ng5+
Kg7 28. Rf2 Qf6 29. Ne4 Qxf5 30. Qxf5 gxf5 31. Ng3 Be5 32. Nxf5+ Kg6 33. Ne7+
Kh7 34. Rf5 f6 35. Rxh5+ Kg7 36. Rd7 Rf7 37. Nf5+ Kg6 38. Rxf7 Kxf7 0-1

[Event "FICS rated blitz game"]
[Site "FICS freechess.org"]
[Date "2018.01.09"]
[Round "?"]
[White "jezebelben"]
[Black "Marmari"]
[Result "1-0"]
[WhiteElo "1437"]
[BlackElo "1368"]
[PlyCount "79"]
[EventDate "2018.??.??"]
[EventType "blitz"]

1. e4 e5 2. Nf3 Nc6 3. c3 Be7 4. d4 exd4 5. cxd4 Nf6 6. d5 Nb4 7. a3 Na6 8. Nc3
d6 9. Be2 b6 10. Bxa6 Bxa6 11. Qa4+ Nd7 12. Qxa6 O-O 13. Qe2 Bf6 14. O-O Nc5
15. e5 dxe5 16. Nxe5 Re8 17. Bf4 Qd6 18. Rae1 Nd7 19. Qh5 Nxe5 20. Ne4 Qe7 21.
Nxf6+ Qxf6 22. Bxe5 Qe7 23. f4 Qc5+ 24. Kh1 f6 25. Bc3 Rxe1 26. Rxe1 g6 27. Qh4
Qxd5 28. Qxf6 Qd7 29. Re7 Qd1+ 30. Re1 Qd7 31. h3 Rf8 32. Qg5 Rf7 33. Rf1 Rf5
34. Qh4 Qd3 35. Re1 Qd7 36. Re4 c5 37. Re7 Qd1+ 38. Be1 Rh5 39. Re8+ Kf7 40.
Qe7# {Black checkmated} 1-0

[Event "FICS rated blitz game"]
[Site "FICS freechess.org"]
[Date "2018.01.09"]
[Round "?"]
[White "jezebelben"]
[Black "wvp"]
[Result "1-0"]
[WhiteElo "1444"]
[BlackElo "1154"]
[PlyCount "35"]
[EventDate "2018.??.??"]
[EventType "blitz"]

1. e4 e5 2. Nf3 Nc6 3. c3 Nf6 4. d4 exd4 5. cxd4 d5 6. e5 Qe7 7. Be2 Nd7 8. O-O
Nd8 9. Bg5 f6 10. exf6 gxf6 11. Bh4 c5 12. h3 Bh6 13. Nh2 Nf8 14. Bh5+ Nf7 15.
Re1 Ne6 16. Nc3 cxd4 17. Nxd5 O-O 18. Nxe7+ {Black resigns} 1-0

[Event "FICS rated blitz game"]
[Site "FICS freechess.org"]
[Date "2018.01.09"]
[Round "?"]
[White "BiH"]
[Black "Forta"]
[Result "0-1"]
[WhiteElo "1660"]
[BlackElo "1627"]
[PlyCount "104"]
[EventDate "2018.??.??"]
[EventType "blitz"]

1. e4 e5 2. Nf3 Nc6 3. c3 d5 4. Qa4 Bd7 5. exd5 Nd4 6. Qd1 Nxf3+ 7. Qxf3 f5 8.
d3 Nf6 9. Bg5 Be7 10. Nd2 O-O 11. c4 c6 12. Bxf6 Bxf6 13. Be2 cxd5 14. Qxd5+
Kh8 15. Qxb7 Rb8 16. Qxa7 Rxb2 17. Rb1 Rxb1+ 18. Nxb1 e4 19. O-O Bc6 20. Rd1
Bd4 21. Qa6 Qc7 22. Qa3 Ra8 23. Qb3 Ba4 24. Qa3 Bc5 25. Qc1 Bxd1 26. Qxd1 Rxa2
27. d4 Bd6 28. c5 Bxh2+ 29. Kf1 Bf4 30. Nc3 Ra8 31. Qb3 Qb8 32. Qf7 Qf8 33. Qc4
Ra1+ 34. Nd1 Bg5 35. d5 f4 36. Qd4 Ra8 37. d6 f3 38. gxf3 exf3 39. Bd3 Bf6 40.
Qd5 Ra1 41. Be4 g5 42. Kg1 g4 43. Kh2 Qh6+ 44. Kg3 Qh4+ 45. Kf4 Qh6+ 46. Kxg4
Rxd1 47. Qa8+ Kg7 48. Qg8+ Kxg8 49. Bd5+ Kf8 50. Bxf3 Qg5+ 51. Kh3 Qh4+ 52. Kg2
Qh1+ 0-1

[Event "FICS rated blitz game"]
[Site "FICS freechess.org"]
[Date "2018.01.09"]
[Round "?"]
[White "awitaliy"]
[Black "TheGoodKnight"]
[Result "1-0"]
[WhiteElo "1371"]
[BlackElo "1482"]
[PlyCount "30"]
[EventDate "2018.??.??"]
[EventType "blitz"]

1. e4 e5 2. Nf3 Nc6 3. c3 d6 4. h3 Be7 5. Bd3 Nf6 6. Bc2 O-O 7. O-O h6 8. d4
exd4 9. cxd4 Re8 10. a3 Bf8 11. Qd3 g6 12. Nh2 Bg7 13. f4 Nxe4 14. Ng4 Ng3 15.
Qxg3 f5 {Black resigns} 1-0